logo

Bir Sreshtho Munshi Abdur Rouf Library
Jhenaidah Cadet College

The grapes of wrath / (Record no. 12724)

MARC details
000 -LEADER
fixed length control field 00573nam a2200217 a 4500
001 - CONTROL NUMBER
JCCL Control Number 12724
003 - CONTROL NUMBER IDENTIFIER
JCCL marc code BD-JhCC
005 - DATE AND TIME OF LATEST TRANSACTION
control field 20230509085717.0
008 - FIXED-LENGTH DATA ELEMENTS--GENERAL INFORMATION
fixed length control field 230509s20001993uk |||| |||| 000 0 eng d
020 ## - INTERNATIONAL STANDARD BOOK NUMBER
International Standard Book Number 9780141185064
035 ## - SYSTEM CONTROL NUMBER
system control number (BD-JhCC)12724
040 ## - CATALOGING SOURCE
Original cataloging agency BD-JhCC
Modifying agency BD-JhCC
041 ## - LANGUAGE CODE
Language code of Book eng
082 ## - DEWEY DECIMAL CLASSIFICATION NUMBER
Classification number 813.09
Author mark and Year STE 2000
100 ## - MAIN ENTRY--PERSONAL NAME
Personal name Steinbeck, John
245 ## - TITLE STATEMENT
Title The grapes of wrath /
Statement of responsibility, etc John Steinbeck
260 ## - PUBLICATION, DISTRIBUTION, ETC. (IMPRINT)
Place of publication, distribution, etc London :
Name of publisher, distributor, etc Penguine Modern Classic,
Date of publication, distribution, etc 2000
300 ## - PHYSICAL DESCRIPTION
Pagination 476 p . :
Dimensions 21 cm.
650 ## - SUBJECT ADDED ENTRY--TOPICAL TERM
Topical term or geographic name as entry element Grapes of wrath (Steinbeck, John)
942 ## - ADDED ENTRY ELEMENTS (KOHA)
Source of classification or shelving scheme Dewey Decimal Classification
Koha item type Books
Holdings
Source of classification or shelving scheme Damaged status Not for loan Home library Current library Shelving location Date of accession Cost, normal purchase price Total Checkouts Full call number Barcode Date last seen Date checked out Copy number Method of acquisition Koha item type Currency
Dewey Decimal Classification     JCC Rouf Library JCC Rouf Library General Stacks 05/09/2023 810.00 3 813.09 STE 2000 17692 09/11/2024 09/09/2024 C-1 Purchase Books BDT

JCC Library | Contacts | JCC Home

Last Update on 23 September 2017
Copyright @ 2017-2020 JCC Rouf Library
Rouf Library, Jhenidah Cadet College (JCC), Bangladesh